| 000 | 00574nam a2200181 a 4500 | ||
|---|---|---|---|
| 001 | 000020795 | ||
| 005 | 20200930011152.0 | ||
| 008 | 100817s1967 mx a 000 0 spa d | ||
| 040 |
_aDO-SdBNP _bspa _cBPJMB |
||
| 082 |
_a617.9 _bP153t |
||
| 100 | 1 |
_aPalacio Gómez, Alberto. _943581 |
|
| 245 | 1 | 0 |
_aTécnica de quirófano / _cALberto Palacio Gómez. |
| 260 |
_aMéxico : _bEditorial Interamericana, _c1967. |
||
| 300 |
_a104 p. : _bil. ; _c23 cm. |
||
| 650 | 4 |
_aOperaciones quirúrjicas _943582 |
|
| 650 | 4 |
_aCirugía operatoria _943583 |
|
| 650 | 4 |
_aAsepsia y antisepsia _943584 |
|
| 999 |
_c20299 _d20299 |
||